00969nam a2200277 a 4500001000200000003000400002005001700006008004100023040002500064082001900089100004200108245007600150246000600226260003800232300002000270490003000290500007000320590002600390650002800416650003100444830003700475910001200512942001400524952013600538999001700674 OSt20240412074308.0081028s1992 dr 000 p spa d aDO-SdBNPbspacBNPHU aRD861.44bJ61d1 aJiménez, Víctor Hugo 9113d1955-10aDesde el portal de la patria y otros poemas /cVíctor Hugo Jiménez 1 a  aSanto Domingo :bEl Mundo, c1992 a84 p. ;c23 cm. aPopular Isabel Jiménez  aIncluye datos biográficos el autor en la solapa de la cubierta  aInventariado, 2020/VM 0aPoesía dominicana966 0aLiteratura dominicana.967 aPopular Isabel Jiménez 952468 a VMateo 2ddccLBS1 00102ddc51718PDaBNPHUbPDd2020-11-05eFelix Manuel Torresl0oBNPHU PD RD861.44 J61dp2020-0434r2020-11-05w2020-11-05yLFPD c49092d49092